| 000 | 00499nam a2200193 a 4500 | ||
|---|---|---|---|
| 001 | 1763289342705 | ||
| 003 | YourLibrary | ||
| 005 | 20251116160651.0 | ||
| 008 | 251116s1998##################000#0#eng## | ||
| 020 | _a9781885477446 | ||
| 082 | 0 | 4 |
_a615.354 _bLEW |
| 100 | 1 |
_aLewis, Lisa S., _eauthor. |
|
| 245 | 1 | 0 | _aSpecial Diets for Special Kids : |
| 260 |
_bFuture Horizons, _c1998. |
||
| 300 | _a270 pages | ||
| 650 | 0 | _aCooking. | |
| 942 | _cENGLISH | ||
| 040 |
_aYourLibrary _beng _cYourLibrary |
||
| 999 |
_c597846 _d597846 |
||